Statistics for Number One Hits in the UK in the Seventies

Click here to take the quiz!

General Stats

  • This quiz has been taken 362 times
    (248 since last reset)
  • The average score is 108 of 167

Answer Stats

HintAnswer% Correct
Dancing Queen | Fernando | Knowing Me, Knowing You | +4 othersAAbba
97%
Bridge over Troubled WaterSaGSimon and Garfunkel
96%
Bohemian RhapsodyQQueen
95%
Space OddityDBDavid Bowie
94%
Another Brick in the Wall (Part Two)PFPink Floyd
94%
Da Ya Think I'm Sexy | I Don't Want to Talk about it/The First Cut is the Deepest | Reason to Believe/Maggie May | +2 othersRSRod Stewart
94%
I Will SurviveGGGloria Gaynor
92%
Night Fever | TragedyBGBee Gees
91%
My Sweet LordGHGeorge Harrison
91%
Message in a Bottle | Walking on the MoonPPolice
91%
Y.M.C.AVPVillage People
91%
Summer Nights | You're the One that I wantJTaONJJohn Travolta and Olivia Newton-John
89%
Heart of Glass | Sunday GirlBBlondie
88%
Coz I Luv You | Cum On Feel the Noize | Mama Weer All Crazee Now | +3 othersSSlade
85%
Dreadlock Holiday | I'm Not In Love | Rubber BulletsTCC10cc
84%
I Don't Like Mondays | Rat TrapBRBoomtown Rats
84%
Get It On | Metal Guru | Telegram SamTRT Rex
84%
School's OutACAlice Cooper
82%
Don't Go Breaking My HeartEJaKDElton John and Kiki Dee
82%
Wuthering HeightsKBKate Bush
82%
Baby Jump | In the SummertimeMJMungo Jerry
82%
Mull of Kintyre/Girls' SchoolWWings
82%
Puppy Love | The Twelfth of Never | Young LoveDODonny Osmond
80%
Video Killed the Radio StarBBuggles
79%
Mary's Boy Child | Rivers of BabylonBMBoney M
78%
December 1963 (Oh What a Night)FSFour Seasons
78%
Stand by Your ManTWTammy Wynette
78%
Bright Eyes | I Only Have Eyes for YouAGArt Garfunkel
77%
You're the First, the Last, My EverythingBWBarry White
74%
Voodoo ChildJHEJimi Hendrix Experience
74%
Annie's SongJDJohn Denver
74%
Three Times a LadyCCommodores
73%
Bye Bye Baby | Give a Little LoveBCRBay City Rollers
72%
We Don't Talk AnymoreCRCliff Richard
72%
The Wonder of You | Way DownEPElvis Presley
72%
Hit Me With your Rhythm StickIDatBIan Dury and the Blockheads
72%
Lonely this Christmas | Oh Boy | Tiger FeetMMud
72%
Can the Can | Devil Gate DriveSQSuzi Quatro
72%
My Ding-a-LingCBChuck Berry
71%
I Feel LoveDSDonna Summer
71%
Always Yours | I Love You Love Me Love | I'm the Leader of the Gang (I am)GGGary Glitter
70%
CarsGNGary Numan
70%
Spirit in the SkyNGNorman Greenbaum
70%
LucilleKRKenny Rogers
68%
If You Leave Me NowCChicago
67%
VincentDMDon McLean
67%
Ernie (the Fastest Milkman in the West)BHBenny Hill
66%
Long Haired Lover from LiverpoolLJOLittle Jimmy Osmond
65%
Don't Give Up on Us | Silver LadyDSDavid Soul
64%
Angelo | Figero | Save Your Kisses For meBoMBrotherhood of Man
63%
Gonna Make You a Star | Hold Me CloseDEDavid Essex
63%
When You're In Love with a Beautiful WomanDHDr Hook
63%
Love Grows (Where my Rosemary Goes)ELEdison Lighthouse
63%
When I Need YouLSLeo Sayer
63%
BlockbusterSSweet
63%
Kung Fu FightingCDCarl Douglas
62%
Wand'rin StarLMLee Marvin
62%
I'd Like to Teach the World to Sing | You Won't Find Another Fool Like MeNSNew Seekers
62%
The Tears of a ClownSRatMSmokey Robinson and the Miracles
62%
Down DownSQStatus Quo
62%
Seasons in the SunTJTerry Jacks
62%
GrandadCDClive Dunn
61%
All Kinds of EverythingDDana
60%
So You Win AgainHCHot Chocolate
60%
Make Me Smile (Come Up and See Me)SHaCRSteve Harley and Cockney Rebel
59%
The Combine Harvester (No Key)WWurzels
59%
When a Child is BornJMJohnny Mathis
58%
Chirpy Chirpy Cheep CheepMotRMiddle of the Road
58%
Clair | Get DownGOSGilbert O'Sullivan
57%
Under the Moon of LoveSShowaddywaddy
57%
Knock Three TimesTOaDTony Orlando and Dawn
57%
Yes Sir, I can BoogieBBaccara
55%
Don't Cry for Me ArgentinaJCJulie Covington
54%
Are Friends Electric?TATubeway Army
54%
Tie a Yellow Ribbon Round the Old Oak TreeDfTODawn featuring Tony Orlando
53%
Love Me for a ReasonOOsmonds
52%
I Love to Love (but my Baby likes to Dance)TCTina Charles
52%
Daydreamer/The Puppy Song | How Can I Be SureDCDavid Cassidy
50%
Without YouNNilsson
50%
Angel Fingers | See My Baby JiveWWizzard
50%
I hear you KnockingDEDave Edmonds
49%
Chanson d'AmourMTManhattan Transfer
49%
D.I.V.O.R.C.EBCBilly Connolly
48%
JanuaryPPilot
48%
Whispering GrassWDaDEWindsor Davies and Don Estelle
48%
SheCACharles Aznavour
47%
I'm Still WaitingDRDiana Ross
47%
Welcome HomePaLPeters and Lee
47%
Band of GoldFPFreda Payne
46%
When Will I see You AgainTDThree Degrees
46%
Uptown Top RankingAaDAlthea and Donna
45%
Son of My FatherCTChicory Tip
45%
Back HomeEWCSEngland World Cup Squad
45%
Float OnFFloaters
45%
Mouldy Old DoughLPLieutenant Pigeon
45%
Ring My BellAWAnita Ward
43%
Forever and EverDRDemis Roussos
43%
Show You the Way to GoJJacksons
41%
Jealous MindASAlvin Stardust
40%
Billy Dont be a HeroPLPaper Lace
40%
Amazing GraceRSDGRoyal Scots Dragoon Guards
40%
MississippiPPussycat
39%
Eye Level (Theme from Van Der Valk)SPOSimon Park Orchestra
39%
BarbadosTTTypically Tropical
39%
Matchstick Men and Matchstick Cats and DogsBaMBrian and Michael
38%
Sugar Baby LoveRRubettes
38%
ItTSTelly Savalas
38%
The StreakRSRay Stevens
33%
Ms GraceTTymes
33%
Tears on My PillowJNJohnny Nash
31%
You to Me are EverythingRTReal Thing
31%
Forever and EverSSlik
28%
Rock Your BabyGMGeorge McCrae
27%
One Day at a TimeLMLena Martell
27%
FreeDWDeniece Williams
26%
Can't Give You Anything (But My Love)SStylistics
26%
Yellow RiverCChristie
24%
Everything I ownKBKen Boothe
21%
WoodstockMSCMatthews' Southern Comfort
21%
Sad Sweet DreamsSSSweet Sensation
19%
Hey Girl Don't Bother MeTTams
18%
No ChargeJJBJ.J. Barrie
16%
Double BarrelDaACDave and Ansell Collins
15%

Score Distribution

Percentile by Number Answered

Percent of People with Each Score

Your Score History

You have not taken this quiz since the last reset